ბათუმის შოთა რუსთაველის სახელმწიფო უნივერსიტეტის ბიბლიოთეკა

ენისა და მეტყველების ურთიერთობის პრობლემა / (ბიბ.ჩანაწერი № 51084)

000 -ლიდერი
ფიქსირებული სიგრძის საკონტროლო ველი 01246nam a2200253Ia 4500
001 - საკონტროლო ნომერი
საკონტროლო ველი 18041
003 - საკონტროლო ნომრის იდენტიფიკატორი
საკონტროლო ველი GE_BSU
005 - ბოლო ოპერაციის თარიღი და დრო
საკონტროლო ველი 20211203170540.0
008 - ფიქსირებული სიგრძის მონაცემთა ელემენტები - ზოგადი ინფორმაცია
ფიქსირებული სიგრძის საკონტროლო ველი 181216s1974||||ge |||||||||||||| ||geo||
040 ## - კატალოგიზაციის წყარო
Transcribing agency GE_BSU
041 ## - ენის კოდი
Language code of text/sound track or separate title geo
080 ## - უნივერსალური ათობითი კლასიფიკაციის ინდექსი
Universal Decimal Classification number 81'23 შ-25
100 ## - მთავარი ჩანაწერი - პიროვნების სახელი
Personal name შარაძენიძე, თ.
9 (RLIN) 1099
245 ## - ცნობა სათაურის შესახებ
Title ენისა და მეტყველების ურთიერთობის პრობლემა /
Statement of responsibility, etc თ. შარაძენიძე ; მხატვ. გ. ნადირაძე.
264 ## - წარმოების, გამოცემის, დისტრიბუციის და სხვა ცნობები
გამოცემის, წარმოების, დისტრიბუციის... ადგილი თბილისი :
გამოცემის, წარმოების, დისტრიბუციის... სახელწოდება მეცნიერება,
გამოცემის, წარმოების, დისტრიბუციის... თარიღი 1974.
300 ## - ფიზიკური აღწერა
Extent 174 გვ. ;
Dimensions 22 სმ.
500 ## - ზოგადი შენიშვნა
General note პირის სახელთა საძიებელი გვ. : 169-170
520 ## - SUMMARY, ETC.
Summary, etc რეზუმე რუსულ და ინგლისურ ენაზე
653 ## - INDEX TERM--UNCONTROLLED
Uncontrolled term ენა და მეტყველება
653 ## - INDEX TERM--UNCONTROLLED
Uncontrolled term ენისა და მეტყველების ურთიერთობის პრობლემა
700 ## - ADDED ENTRY--PERSONAL NAME
Personal name ნადირაძე, გ.
Relator term მხატვარი
9 (RLIN) 13177
710 ## - ADDED ENTRY--CORPORATE NAME
Subordinate unit ენათმეცნიერების ინსტიტუტი
9 (RLIN) 13178
942 ## - ADDED ENTRY ELEMENTS (KOHA)
Koha item type წიგნი
Source of classification or shelving scheme
ეგზემპლარები
ჩამოწერის სტატუსი დაკარგული ეგზემპლარის სტატუსი კლასიფიკაციის წყარო ან თაროზე გაწყობის სქემა დაზიანების სტატუსი არ გაიცემა მუდმივი მდებარეობა (დაცვის ადგილი) ამჟამინდელი ადგილსამყოფელი თაროზე განთავსების ადგილი შეძენის თარიღი ღირებულება, შესყიდვის ნორმალური ფასი სრული შენახვის შიფრი შტრიხკოდი ბოლო ოპერაციის თარიღი ეგზემპლარის მიმდევრობითი ნომერი (კეტერი?) ფასის ძალაში შესვლის თარიღი ეგზემპლარის სახეობა საჯარო შენიშვნა
          ბათუმის შოთა რუსთაველის სახელმწიფო უნივერსიტეტის მთავარი ბიბლიოთეკა ბათუმის შოთა რუსთაველის სახელმწიფო უნივერსიტეტის მთავარი ბიბლიოთეკა წიგნსაცავი 2018-12-17 2.10 81'23 შ-25 45984 2018-12-17 45984 2018-12-17 წიგნი 2.10 ₾.
          ბათუმის შოთა რუსთაველის სახელმწიფო უნივერსიტეტის მთავარი ბიბლიოთეკა ბათუმის შოთა რუსთაველის სახელმწიფო უნივერსიტეტის მთავარი ბიბლიოთეკა წიგნსაცავი 2018-12-17 4.00 81'23 შ-25 45985 2018-12-17 45985 2018-12-17 წიგნი 4.00 ₾.
          ბათუმის შოთა რუსთაველის სახელმწიფო უნივერსიტეტის მთავარი ბიბლიოთეკა ბათუმის შოთა რუსთაველის სახელმწიფო უნივერსიტეტის მთავარი ბიბლიოთეკა წიგნსაცავი 2018-12-17 4.00 81'23 შ-25 45986 2018-12-17 45986 2018-12-17 წიგნი 4.00 ₾.
          ბათუმის შოთა რუსთაველის სახელმწიფო უნივერსიტეტის მთავარი ბიბლიოთეკა ბათუმის შოთა რუსთაველის სახელმწიფო უნივერსიტეტის მთავარი ბიბლიოთეკა წიგნსაცავი 2018-12-17 4.00 81'23 შ-25 55604 2018-12-17 55604 2018-12-17 წიგნი 4.00 ₾.